| 000 | 00434nam a2200181 a 4500 | ||
|---|---|---|---|
| 001 | 8009 | ||
| 003 | CO-ViMGA | ||
| 008 | 141112s2004 ck r 000 u spa d | ||
| 020 | _a8428105818 | ||
| 040 |
_aCO-ViMGA _bspa _cCO-ViMGA |
||
| 082 | 0 | 4 | _a526.9 M375l |
| 100 | 1 |
_aMerlin, Pierre _97598 |
|
| 245 | 1 | 0 | _aLa TopografĂa |
| 260 |
_aBarcelona (E), _cOikos Tau, _c1982 |
||
| 300 | _a148.p. | ||
| 650 | 1 | 4 | _aTOPOGRAFIA |
| 942 |
_2ddc _cBK |
||
| 999 |
_c19832 _d19832 |
||